सुखदु:खाSया रेषा (Record no. 333848)

MARC details
000 -LEADER
fixed length control field 00586nam a2200169Ia 4500
008 - FIXED-LENGTH DATA ELEMENTS--GENERAL INFORMATION
fixed length control field 090711s9999 xx 000 0 und d
082 ## - DEWEY DECIMAL CLASSIFICATION NUMBER
Item number 1004
100 ## - MAIN ENTRY--PERSONAL NAME
Personal name पांढारकर अनिल
245 ## - TITLE STATEMENT
Title सुखदु:खाSया रेषा
260 ## - PUBLICATION, DISTRIBUTION, ETC. (IMPRINT)
Name of publisher, distributor, etc प्रियांजली प्रकाशन
Date of publication, distribution, etc 1998
300 ## - PHYSICAL DESCRIPTION
Extent 159
600 ## - SUBJECT ADDED ENTRY--PERSONAL NAME
Personal name पांढारकर अनिल
630 ## - SUBJECT ADDED ENTRY--UNIFORM TITLE
Uniform title सुखदु:खाSया रेषा
700 ## - ADDED ENTRY--PERSONAL NAME
Personal name पांढारकर अनिल
730 ## - ADDED ENTRY--UNIFORM TITLE
Uniform title सुखदु:खाSया रेषा
942 ## - ADDED ENTRY ELEMENTS (KOHA)
Koha item type Book

No items available.